MARC details
| 000 -LEADER |
| campo de control de longitud fija |
01767nim a2200361 i 4500 |
| 001 - NÚMERO DE CONTROL |
| campo de control |
197189 |
| 003 - IDENTIFICADOR DE NÚMERO DE CONTROL |
| campo de control |
ES-MaACL |
| 005 - FECHA Y HORA DE LA ÚLTIMA TRANSACCIÓN |
| campo de control |
20250828062554.0 |
| 007 - CAMPO FIJO DE DESCRIPCIÓN FÍSICA--INFORMACIÓN GENERAL |
| campo de control de longitud fija |
ss lsnjlcipnne |
| 008 - DATOS DE LONGITUD FIJA--INFORMACIÓN GENERAL |
| campo de control de longitud fija |
250424s1991 sp nnnn |||| 00| spa d |
| 040 ## - FUENTE DE CATALOGACIÓN |
| Lengua de catalogación |
spa |
| Centro/agencia transcriptor |
ES-MaACL |
| 245 00 - MENCIÓN DEL TÍTULO |
| Título |
Causas por las que pueblos de España reclaman autodeterminación |
| Medio |
[Grabación sonora] : |
| Resto del título |
debate / |
| Mención de responsabilidad, etc. |
preside Felipe Clemente de Diego |
| 260 ## - PUBLICACIÓN, DISTRIBUCIÓN, ETC. |
| Lugar de publicación, distribución, etc. |
Madrid : |
| Nombre del editor, distribuidor, etc. |
Ateneo de Madrid, |
| Fecha de publicación, distribución, etc. |
1991 |
| 300 ## - DESCRIPCIÓN FÍSICA |
| Extensión |
2 casetes (ca. 180 min) : |
| Otras características físicas |
son. ; |
| Dimensiones |
11 cm |
| 490 1# - MENCIÓN DE SERIE |
| Materiales especificados |
Actos culturales en el Ateneo de Madrid |
| 511 ## - NOTA DE PARTICIPANTES O INTÉRPRETES |
| Nota de participantes o intérpretes |
Intervienen: por Asturias, Marcos Abel F. Marqués, de Andecha Astur; por Baleares, Mateu Morro, del Partido Socialista de Mallorca; por Cataluña, Ángel Colom, de Esquerra Republicana; por Galicia, Pilar García Negro, del Bloque Nacionalista Gallego; por Valencia, Pere Major, de Unait Poble Valensia; por Vasconia, Iñaki Anasagasti, del Partido Nacionalista Vasco |
| 518 ## - NOTA DE FECHA/HORA Y LUGAR DE UN ACONTECIMIENTO |
| Nota de fecha/hora y lugar de un acontecimiento |
Grabado el 11 de diciembre de 1991 en el Salón de Actos del Ateneo de Madrid |
| 540 ## - NOTA DE CONDICIONES DE USO Y REPRODUCCIÓN |
| Condiciones de uso y reproducción |
Documento inédito |
| 594 ## - Nota al título y mención de responsabilidad |
| a |
Datos basados en la invitación |
| 610 20 - PUNTO DE ACCESO ADICIONAL DE MATERIA--NOMBRE DE ENTIDAD CORPORATIVA |
| Nombre de entidad corporativa o nombre de jurisdicción como elemento de entrada |
Ateneo de Madrid- |
| Subdivisión general |
Actos culturales- |
| Subdivisión cronológica |
1991- |
| Subdivisión de forma |
Grabaciones sonoras |
| 9 (RLIN) |
240452 |
| 650 #7 - PUNTO DE ACCESO ADICIONAL DE MATERIA--TÉRMINO DE MATERIA |
| 9 (RLIN) |
170862 |
| Término de materia o nombre geográfico como elemento de entrada |
Autodeterminación nacional |
| 653 ## - TÉRMINO DE INDIZACIÓN--NO CONTROLADO |
| Término no controlado |
Archivo de la palabra |
| 655 #0 - TERMINO DE INDIZACIÓN--GENERO/FORMA |
| Datos o término principal de género/forma |
Conferencias |
| 9 (RLIN) |
234444 |
| 700 1# - ENTRADA AGREGADA--NOMBRE PERSONAL |
| Nombre de persona |
Clemente de Diego, Felipe |
| 9 (RLIN) |
39201 |
| 700 1# - ENTRADA AGREGADA--NOMBRE PERSONAL |
| Nombre de persona |
Huguet Tamarit, Manuel |
| Término indicativo de función/relación |
Moderador |
| 9 (RLIN) |
64651 |
| 700 1# - ENTRADA AGREGADA--NOMBRE PERSONAL |
| 9 (RLIN) |
240380 |
| Nombre de persona |
Alonso Rodríguez, Francisco José |
| Término indicativo de función/relación |
presentador |
| 830 #0 - PUNTO DE ACCESO ADICIONAL DE SERIE-TÍTULO UNIFORME |
| Título uniforme |
Actos culturales en el Ateneo de Madrid |
| 9 (RLIN) |
240237 |
| 852 ## - LOCALIZACIÓN |
| Ubicación |
ES-MaACL |
| Ubicación en estantería |
Depósito Z |
| Designación de la unidad física |
Cinta 1 |
| itemnumber |
205773 |
| 852 ## - LOCALIZACIÓN |
| Ubicación |
ES-MaACL |
| Ubicación en estantería |
Depósito Z |
| Designación de la unidad física |
Cinta 2 |
| itemnumber |
205773 |
| 942 ## - ELEMENTOS DE ENTRADA SECUNDARIOS (KOHA) |
| Fuente del sistema de clasificación o colocación |
Clasificación decimal universal |
| Suprimir en OPAC |
No |
| Tipo de ítem Koha |
Casete |